000
00291nam a22001337a 4500
008
260428b ||||| |||| 00| 0 eng d
020
_a
9789951565448
041
_a
Shqip
080
_a
821.18
100
_a
20
101
_a
Ngjarje
245
_a
Medaljoni
_c
Rragman Dedaj
942
_2
udc
_c
BK
999
_c
61007
_d
61007